Sales and Leases a Problem-based Approach /

Detalles Bibliográficos
Autor principal: Burnham, Scott J.
Otros Autores: Juras, Kristen
Formato: eBook
Lenguaje:inglés
Publicado: Chicago: The Center for Computer - Assisted Legal Instruction (CALI), 2016
Materias:
Acceso en línea:Acceso restringido

MARC

LEADER 00000nam a22000007a 4500
005 20180503010641.0
007 cr|||| ||||
008 180503s2016 us |||||s|||| 00||0 eng d
035 |a 21502 
040 |a vLex 
090 |c 7890  |d 7890 
100 1 |a Burnham, Scott J. 
245 1 0 |a Sales and Leases  |h [Recurso electrn̤ico] :  |b a Problem-based Approach /  |c Scott J. Burnham, Kristen Juras 
256 |a Servicio en ln̕ea 
260 |a Chicago:  |b The Center for Computer - Assisted Legal Instruction (CALI),  |c 2016 
300 |a 1 recurso electrn̤ico 
506 1 |a Disponible solo en los productos indicados  |d vLex Global  |d vLex Global (Academic Edition, excluding Law Schools)  |d vLex Global (U.S. Academic Edition, Law Schools)  |d vLex Global (U.S. Academic Edition, excluding Law Schools)  |d vLex Global (Academic Edition, Law Schools) 
650 0 4 |a Derecho Mercantil y de la Empresa  |z Estados Unidos 
700 1 |a Juras, Kristen 
740 0 |a vLex Libros (Servicio en ln̕ea) 
856 4 0 |u http://vlex.com/source/sales-leases-problem-based-approach-21502  |z Acceso restringido 
942 |c BOOK 
999 0 |a Commercial and Company Law